[Event "Czechia KP-chTB 0607"]
[Site "Czech Republic"]
[Date "2007.01.21"]
[Round "6.6"]
[White "Pospech, Roman"]
[Black "Stolba, Milos"]
[Result "1/2-1/2"]
[WhiteElo "1982"]
[BlackElo "2097"]
[PlyCount "90"]
[EventDate "2006.10.29"]
[EventType "team"]
[EventRounds "11"]
[EventCountry "CZE"]
[SourceTitle "EXT 2008"]
[Source "ChessBase"]
[SourceDate "2007.11.25"]
[SourceVersion "1"]
[SourceVersionDate "2007.11.25"]
[SourceQuality "1"]
[WhiteTeam "Ricany II"]
[BlackTeam "Kutna Hora"]
[WhiteTeamCountry "CZE"]
[BlackTeamCountry "CZE"]

1. d4 d5 2. c4 dxc4 3. Nf3 Nf6 4. e3 c5 5. Bxc4 e6 6. 0-0 a6 7. a4 Nc6 8. Qe2 cxd4 9. Rd1 Be7 10. Nxd4 Nxd4 11. Rxd4 Qc7 12. Nc3 e5 13. Rd1 Bg4 14. f3 Bd7 15. e4 Rc8 16. Ba2 0-0 17. Bg5 Be6 18. Bxf6 Bxf6 19. Bd5 Be7 20. Rac1 Bc5+ 21. Kh1 Bd4 22. Bxe6 fxe6 23. h3 Qa5 24. Rd3 Rc4 25. Qd1 Rfc8 26. Qb3 Qb4 27. Qa2 Kf7 28. Rcd1 R8c7 29. Kh2 Ke7 30. R1d2 Bxc3 31. bxc3 Rxc3 32. Rd6 Qxd6 33. Rxd6 Kxd6 34. Qd2+ Ke7 35. Qg5+ Ke8 36. Qxe5 R3c6 37. Kg3 Kd8 38. h4 Kc8 39. h5 Kb8 40. Qf4 b6 41. Qf8+ Kb7 42. Kf4 Rc5 43. Qe8 e5+ 44. Kf5 Ka7 45. Ke6 Kb7 1/2-1/2

[Event "Czechia KP-chTB 0607"]
[Site "Czech Republic"]
[Date "2006.11.12"]
[Round "2.5"]
[White "Rosenbaum, Vit"]
[Black "Pospech, Roman"]
[Result "0-1"]
[WhiteElo "1829"]
[BlackElo "1982"]
[PlyCount "112"]
[EventDate "2006.10.29"]
[EventType "team"]
[EventRounds "11"]
[EventCountry "CZE"]
[SourceTitle "EXT 2008"]
[Source "ChessBase"]
[SourceDate "2007.11.25"]
[SourceVersion "1"]
[SourceVersionDate "2007.11.25"]
[SourceQuality "1"]
[WhiteTeam "Ricany III"]
[BlackTeam "Ricany II"]
[WhiteTeamCountry "CZE"]
[BlackTeamCountry "CZE"]

1. e4 c5 2. c3 Nf6 3. e5 Nd5 4. d4 cxd4 5. cxd4 e6 6. Nc3 Nxc3 7. bxc3 Qc7 8. Qb3 Nc6 9. Bd3 d6 10. f4 a6 11. a4 Bd7 12. Nf3 Na5 13. Qc2 Rc8 14. Bd2 Nc4 15. Rc1 dxe5 16. fxe5 Ba3 17. Ra1 Bb2 18. Ra2 Nxd2 19. Rxb2 Nxf3+ 20. gxf3 0-0 21. Kd2 Bxa4 22. Bxh7+ Kh8 23. Qd3 Bb5 24. c4 Qxc4 25. Qxc4 Rxc4 26. Be4 Rxd4+ 27. Ke3 Rd7 28. Rc1 g6 29. Rc5 Rfd8 30. Rbc2 Bd3 31. Bxd3 Rxd3+ 32. Ke2 R3d5 33. Rc7 Rxe5+ 34. Kf2 Rh5 35. Kg3 Rg5+ 36. Kf2 Kg7 37. Rxb7 Rh8 38. Ke3 Rh3 39. Rc6 Rf5 40. Rxa6 Rhxf3+ 41. Ke2 Kf6 42. Raa7 Kg5 43. Re7 Kg4 44. Ra4+ R3f4 45. Rxf4+ Rxf4 46. Re8 Kh3 47. Rh8+ Rh4 48. Rf8 Rh7 49. Kf3 Kxh2 50. Kf4 Kg2 51. Ra8 Rh4+ 52. Kg5 Rh5+ 53. Kg4 Rf5 54. Ra4 e5 55. Re4 Rf4+ 56. Rxf4 exf4 0-1